000
00340nam a2200157Ia 4500
008
230711s9999||||xx |||||||||||||| ||und||
041
_a
ENG
082
_a
800
_b
LA-S
100
_a
Lawrence,D.H
245
0
_a
Sons and Lovers
250
_a
1st Ed.
260
_c
1974
_a
New DElhi
_b
BSP
300
_a
403
650
_a
Literature
942
_c
BK
999
_c
1979
_d
1979